| 000 | 00464nam a2200181 a 4500 | ||
|---|---|---|---|
| 001 | 1775557145227 | ||
| 003 | YourLibrary | ||
| 005 | 20260407155042.0 | ||
| 008 | 260407s2009##################000#0#eng## | ||
| 020 | _a9788190848787 | ||
| 082 | 0 | 4 |
_a355.0330954 _bBHO |
| 100 | 1 |
_aBhonsle, Rahul K., _eauthor. |
|
| 245 | 1 | 0 | _aSecuring India : |
| 260 |
_bVij Books India, _c2009. |
||
| 650 | 0 | _aHistory. | |
| 942 | _cENGLISH | ||
| 040 |
_aYourLibrary _beng _cYourLibrary |
||
| 999 |
_c618950 _d618950 |
||